Zrod nového paradigmatu finančních trhů

Problém hľadania novej paradigmy finančných trhov. Štruktúra a funkcie finančných trhov v súčasnosti.

Salvato in:
Dettagli Bibliografici
Autore principale: Betretdinov, Rafik
Natura: Capitolo di libro
Lingua:ceco
Soggetti:
Tags: Aggiungi Tag
Nessun Tag, puoi essere il primo ad aggiungerne!!

MARC

LEADER 00000nla a2200000 4500
001 0190902
005 20240417075046.1
041 0 |a cze 
044 |a SK 
245 1 0 |a Zrod nového paradigmatu finančních trhů  |c Rafik Betretdinov 
520 |a Problém hľadania novej paradigmy finančných trhov. Štruktúra a funkcie finančných trhov v súčasnosti. 
610 2 0 |a trh finančný 
610 2 0 |a kríza finančná 
610 2 0 |a rovnováha finančná 
610 2 0 |a teórie ekonomické 
100 1 |a Betretdinov, Rafik